[Event "GER-ch U10"]
[Site "Willingen"]
[Date "2023.06.03"]
[Round "11"]
[White "Shivkumar, Shreyas"]
[Black "Hamann, Friedrich"]
[Result "1/2-1/2"]
[WhiteElo "1394"]
[BlackElo "1404"]
[PlyCount "59"]
[EventDate "2023.05.27"]
[EventType "swiss"]
[EventRounds "11"]
[EventCountry "GER"]
[SourceTitle "CBM 214 Extra"]
[Source "ChessBase"]
[SourceDate "2023.07.31"]
[SourceVersion "1"]
[SourceVersionDate "2023.07.31"]
[SourceQuality "1"]

1. e4 c6 2. d4 d5 3. e5 c5 4. Nf3 Bg4 5. dxc5 e6 6. Be3 Nc6 7. c3 Nxe5 8. Qa4+ Nc6 9. Qxg4 Nf6 10. Qa4 a6 11. Ne5 Rc8 12. Nxc6 Rxc6 13. Na3 Be7 14. 0-0-0 Nd7 15. b4 0-0 16. h4 Bf6 17. Bd4 Bxh4 18. Qc2 Bg5+ 19. Be3 h6 20. f4 Bf6 21. g4 g6 22. Rxh6 Bg7 23. Rh1 Re8 24. Qh2 Kf8 25. Re1 Bxc3 26. f5 Qf6 27. Rd1 Bxb4 28. Qh6+ Qg7 29. Nc2 Bxc5 30. Qh8+ 1/2-1/2

[Event "GER-ch U10"]
[Site "Willingen"]
[Date "2023.05.30"]
[Round "5"]
[White "Hamann, Friedrich"]
[Black "Weibrecht, Theo"]
[Result "1-0"]
[WhiteElo "1404"]
[BlackElo "1170"]
[PlyCount "127"]
[EventDate "2023.05.27"]
[EventType "swiss"]
[EventRounds "11"]
[EventCountry "GER"]
[SourceTitle "CBM 214 Extra"]
[Source "ChessBase"]
[SourceDate "2023.07.31"]
[SourceVersion "1"]
[SourceVersionDate "2023.07.31"]
[SourceQuality "1"]

1. e4 c5 2. Nf3 Nc6 3. c3 Nf6 4. e5 Nd5 5. d4 cxd4 6. cxd4 d6 7. Bc4 Nb6 8. Bb3 Bg4 9. Be3 dxe5 10. dxe5 Qxd1+ 11. Bxd1 e6 12. 0-0 Nb4 13. Nbd2 N6d5 14. Ba4+ Nc6 15. Bd4 Bb4 16. Rac1 0-0 17. Bxc6 bxc6 18. Rxc6 Nf4 19. Be3 Bxd2 20. Nxd2 Ng6 21. f4 Rab8 22. b3 Ra8 23. Nc4 Ne7 24. Ra6 Nc8 25. Rc1 Rd8 26. Nd6 Be2 27. Rac6 Nxd6 28. Rxd6 g6 29. Rc7 a6 30. Bb6 Re8 31. Rdd7 Rac8 32. Rxf7 Rxc7 33. Rxc7 Rf8 34. g3 Rf7 35. Rxf7 Kxf7 36. Kf2 Bb5 37. Ke3 Ke7 38. Kd4 Kd7 39. Kc5 h5 40. Ba5 Bf1 41. a4 Bd3 42. b4 Be2 43. b5 axb5 44. axb5 Bf3 45. Kb6 Kc8 46. Bb4 Bd5 47. Bd6 Bb7 48. Kc5 Bd5 49. b6 Kb7 50. Bc7 Bb3 51. Kd6 Kc8 52. Ke7 Bd5 53. Kf6 Bc4 54. Kxg6 Be2 55. h3 Kd7 56. Kg5 Ke7 57. b7 Bg4 58. hxg4 hxg4 59. b8Q Kf7 60. Bd6 Kg7 61. Qf8+ Kh7 62. Qe7+ Kh8 63. Kg6 Kg8 64. Qg7# 1-0